00363pab a2200133 454500008004000000100003000040245006100070260000900131300001300140362001100153650001000164700002100174773003400195180718b2011 xxu||||| |||| 00| 0 eng d aMishra, Nripendra Kishore aConceptualising women's agency, autonomy and empowerment c2011 ap.58-65. a12 Mar aWomen aTripathi, Tulika aEconomic and Political Weekly